Star Wars References on TV Quiz Stats

 Plays Quiz Updated Apr 19, 2016

Score 0/20 Timer 06:00
0 Plays Today
% Correct
South Park
94.6%
The Office
91.9%
Seinfeld
91.5%
Futurama
90%
30 Rock
89.8%
Parks and Recreation
88.9%
Cheers
86.6%
That '70s Show
85.7%
How I Met Your Mother
83.7%
Bob's Burgers
77.7%
% Correct
It's Always Sunny in Philadelphia
76.7%
Archer
76.2%
American Dad!
75.4%
3rd Rock from the Sun
75.2%
Mythbusters
74%
The Colbert Report
72.6%
Whose Line is it Anyway?
70.9%
Community
61.9%
Brooklyn Nine-Nine
61.6%
NewsRadio
31.6%

You're not logged in!

Compare scores with friends on all Sporcle quizzes.
OR
Log In

You Might Also Like...

Show Comments

Extras

Top Quizzes Today


Score Distribution

Your Account Isn't Verified!

In order to create a playlist on Sporcle, you need to verify the email address you used during registration. Go to your Sporcle Settings to finish the process.

Report this User

Report this user for behavior that violates our Community Guidelines.

Details: